| 000 | 00989nmc a2200349 a 4500 | ||
|---|---|---|---|
| 003 | AR-BaBNM | ||
| 005 | 20251128204406.0 | ||
| 008 | 316119s1988 ||||||||||||||000 | spa|| | ||
| 020 | _a950-9732-55-9 | ||
| 040 | _cAR-BaBNM | ||
| 100 | 1 | _aBertoni, Lilia Ana | |
| 245 | 1 | 0 | _a¿Qué pasó el 25 de mayo? |
| 250 | _a4ª ed. | ||
| 260 |
_aBuenos Aires _bLibros del Quirquincho _c1988 |
||
| 300 | 0 |
_a57 p. _bil. |
|
| 490 | 0 |
_aUna historia argentina _vv. 4 |
|
| 504 | _aContiene bibliografía | ||
| 650 | 4 | _aREVOLUCION DE MAYO | |
| 650 | 4 | _aPERIODO INDEPENDIENTE | |
| 650 | 4 | _aANTECEDENTES DE LA REVOLUCION DE MAYO | |
| 650 | 4 | _aSEMANA DE MAYO | |
| 650 | 4 | _aGUERRAS DE LA INDEPENDENCIA | |
| 651 | 4 | _aParaguay | |
| 651 | 4 | _aArgentina | |
| 700 | 1 | _aRomero, Luis Alberto | |
| 700 | 1 |
_aMontes, Graciela _ecolaborador |
|
| 700 | 1 |
_aSchlaen, Carlos _eilustrador |
|
| 800 | 1 | _aBertoni, Lilia Ana | |
| 800 | 1 |
_aRomero, Luis Alberto _edirector |
|
| 942 | _cBK | ||
| 998 | _cenrique | ||
| 999 |
_c7274 _d7274 |
||